The vicious Vikings / (Record no. 1302)
[ view plain ]
| 000 -LEADER | |
|---|---|
| fixed length control field | 00989cam a22002533a 4500 |
| 005 - DATE AND TIME OF LATEST TRANSACTION | |
| control field | 20241217103442.0 |
| 020 ## - INTERNATIONAL STANDARD BOOK NUMBER | |
| International Standard Book Number | 0590498495 (pbk.) : |
| Terms of availability | $4.50 |
| 040 ## - CATALOGING SOURCE | |
| Original cataloging agency | DMP |
| Transcribing agency | DMP |
| Modifying agency | OCL |
| -- | DLC |
| Language of cataloging | eng |
| 050 00 - LIBRARY OF CONGRESS CALL NUMBER | |
| Classification number | CPB Box no. 1765 vol. 36 |
| 100 1# - MAIN ENTRY--PERSONAL NAME | |
| Personal name | Deary, Terry. |
| 245 14 - TITLE STATEMENT | |
| Title | The vicious Vikings / |
| Statement of responsibility, etc. | Terry Deary ; illustrated by Martin Brown. |
| 260 ## - PUBLICATION, DISTRIBUTION, ETC. | |
| Place of publication, distribution, etc. | New York : |
| Name of publisher, distributor, etc. | Scholastic, |
| Date of publication, distribution, etc. | 1999. |
| Date of manufacture | (1997 printing) |
| 300 ## - PHYSICAL DESCRIPTION | |
| Extent | 141 pages : |
| Other physical details | Illustrations ; |
| Dimensions | 20 cm. |
| 505 2# - FORMATTED CONTENTS NOTE | |
| Formatted contents note | W <br/> |
| 520 ## - SUMMARY, ETC. | |
| Summary, etc. | The master of making history fun, Terry Deary takes on the Vikings in this marauding look at our Scandinavian ancestors. From Viking Gods in wedding dresses and corpses on trial to death by booby-trapped statues! |
| 521 ## - TARGET AUDIENCE NOTE | |
| Target audience note | 870 <br/> |
| Source | Lexile <br/> |
| 521 ## - TARGET AUDIENCE NOTE | |
| Target audience note | W <br/> |
| Source | Raz-Plus <br/> |
| 650 #0 - SUBJECT ADDED ENTRY--TOPICAL TERM | |
| Topical term or geographic name entry element | Vikings |
| Form subdivision | Juvenile literature. |
| 655 #7 - INDEX TERM--GENRE/FORM | |
| Genre/form data or focus term | Comic books, strips, etc. |
| Source of term | lcsh |
| 700 1# - ADDED ENTRY--PERSONAL NAME | |
| Personal name | Brown, Martin, |
| Dates associated with a name | 1959- |
| 906 ## - LOCAL DATA ELEMENT F, LDF (RLIN) | |
| a | 7 |
| b | cbc |
| c | copycat |
| d | 2 |
| e | ncip |
| f | 20 |
| g | y-genrareb |
| 942 ## - ADDED ENTRY ELEMENTS (KOHA) | |
| Source of classification or shelving scheme | Dewey Decimal Classification |
| Koha item type | Books |
| Suppress in OPAC | No |
| 999 ## - | |
| -- | 1302 |
| -- | 1302 |
| Withdrawn status | Lost status | Source of classification or shelving scheme | Damaged status | Not for loan | Collection | Home library | Current library | Shelving location | Date acquired | Total Checkouts | Full call number | Barcode | Date last seen | Price effective from | Koha item type |
|---|---|---|---|---|---|---|---|---|---|---|---|---|---|---|---|
| Dewey Decimal Classification | Non-Fiction | Footprints International School Library Network Toul Kork Campus | Footprints International School Library Network Toul Kork Campus | TTP Secondary Non-Fiction Bookshelves | 12/17/2024 | DEA Fic PS430 | 2024-2462 | 08/11/2023 | 12/17/2024 | Books |
